|
|
|
|
| LEADER |
00000nab a2200000uu 4500 |
| 001 |
vtls011525983 |
| 003 |
SK-MaSNL |
| 005 |
20260225184855.0 |
| 008 |
230121|1988 xo |||||||||||||||||slo| |
| 015 |
|
|
|a SNBRB
|
| 035 |
|
|
|a (urnnbn)urn:nbn:sk:snk:ar-a08sdc
|
| 035 |
|
|
|a (uuid)2e3d8d30-ab25-43bc-8856-d9b3aad036c8
|
| 035 |
|
|
|a urn:nbn:sk:snk-abed6p
|
| 040 |
|
|
|a SNKBUCL
|b slo
|c SNKBUCL
|e AACR2
|
| 041 |
0 |
|
|a slo
|
| 044 |
|
|
|a xo
|c SK
|
| 245 |
0 |
0 |
|a Procesuálna teológia
|
| 773 |
0 |
|
|t Cirkevné listy : časopis venovaný záujmom cirkve evanjelickej a. v.
|g Roč. 101(112), č. 10 (1988), s. 160-[160b]
|
| 954 |
|
|
|a odborná, vedecká literatúra pôvodná (slovenská)
|2 lita
|
| 958 |
|
|
|a OND
|
| 958 |
|
|
|a EUIPO
|
| 958 |
|
|
|a article21
|
| 999 |
|
|
|c 1883621
|d 1885551
|